| 000 | 00484nam a2200169 i 4500 | ||
|---|---|---|---|
| 001 | 134036 | ||
| 003 | ES-MaACL | ||
| 005 | 20230906194602.0 | ||
| 007 | t| | ||
| 008 | 070905s1911 fr ||||1| fre d | ||
| 100 | 1 |
_aWard, Humphry. _9116076 |
|
| 245 | 1 | 0 |
_aDiane Mallory / _cHumphry Ward ; traduit du l'anglais par P. Fliche. |
| 260 |
_a[S.l. : _bs.n.], _c1911 ( _eCorbeil : _fF. Leroy) |
||
| 300 |
_a443 p. ; _c19 cm. |
||
| 700 | 1 |
_aFliche, P. _951207 |
|
| 852 |
_aES-MaACL _jF-1371 |
||
| 999 |
_c134036 _d134036 |
||